| 000 | 00722pam a2200217 a 4500 | ||
|---|---|---|---|
| 999 |
_c7192 _d7192 |
||
| 001 | 20694 | ||
| 003 | BD-DhUAP | ||
| 005 | 20210117121911.0 | ||
| 008 | 201221s2018 njea b 001 0 eng | ||
| 020 | _a9788126574483 | ||
| 040 |
_aDLC _cDLC _dBD-DhUAP _beng |
||
| 082 | 0 | 0 |
_a650.076 GMA _223 |
| 245 |
_aGMAT official guide 2019 : _bbook + online. |
||
| 260 |
_aHoboken, New Jersey : _bJohn Wiley & Sons, _cc2018. |
||
| 300 |
_av, 888 pages : _billustrations ; _c26 cm. |
||
| 500 | _aThe definitive guide from the makers of the GMAT exam. | ||
| 504 | _aIncludes bibliographical references and index. | ||
| 650 | _aGraduate Management Admission Test. | ||
| 710 | _aGraduate Management Admission Council. | ||
| 942 |
_2ddc _cBK |
||